000 00882cam a22002771 4500
001 31304
003 BD-RjUL
005 20211209051702.0
008 140415r19531943enk b 001 0 eng
035 _a(BD-RjUL)31391
035 _a(OCoLC)2560794
040 _aDLC
_cTxU-Da
_dOCoLC
_dDLC
_beng
041 _aeng
082 _a270
_bDOC 1953
100 1 _aBettenson, Henry Scowcroft,
_995262
245 1 0 _aDocuments of the Christian church /
_cselected and edited by Henry Bettenson.
260 _aLondon :
_bOxford University Press, H. Milford,
_cc1943[reprinting 1953]
300 _axviii, 456 p. ;
_c16 cm.
500 _a"First published in "The World's classics ̀“in 1943."
504 _aincludes index
650 0 _aChurch history
_xSources.
_995264
942 _2ddc
_cBK
999 _c31304
_d31304